000 00312nam a22001337a 4500
005 20160316065932.0
008 140306b xxu||||| |||| 00| 0 eng d
020 _a9780071763868
020 _a0071763864
041 0 _aeng
080 _a510.21
245 _aMath Word Problems;
_cBluman, Allan G.,
942 _2udc
_cBK
999 _c404
_d404